Recopilación de legislación indígena: 1813-2017

Enregistré dans:
Détails bibliographiques
Auteurs principaux: Valenzuela Reyes, Myléne (Auteur), Oliva Fuentealba, Sergio (Auteur)
Format: Livre
Langue:espagnol
Publié: Santiago Librotecnia 2018
Édition:2a. ed
Collection:Derecho
Sujets:
Tags: Ajouter un tag
Pas de tags, Soyez le premier à ajouter un tag!

MARC

LEADER 00000cam a2200000 a 4500
001 UCC5656
003 CL-VaPUC
008 181021e20180000cl |||||||||||||||||spa|d
020 |a 9789563271768 
082 0 4 |a 342.087  |b VAL  |2 21 
100 0 |a Valenzuela Reyes, Myléne  |e author  |9 599985 
700 0 |a Oliva Fuentealba, Sergio  |e author  |9 599986 
245 1 0 |a Recopilación de legislación indígena: 1813-2017 
250 |a 2a. ed 
300 |a t 
942 |c BK 
945 |d 20181021 19:29:00  |a dcastane 
260 |a Santiago  |b Librotecnia  |c 2018 
650 0 |a Derechos civiles  |9 255655 
650 7 |a DERECHOS DE LAS MINORIAS  |2 CL-VaPUC  |9 461027 
650 0 |a Derechos humanos  |9 223025 
650 0 |a Políticas sociales  |9 358116 
650 0 |a Pueblos indígenas   |9 357564 
583 |a last modification  |c 20181021 19:29:00  |k Rodrigo Vera 
490 0 |a Derecho 
999 |c 372798  |d 372796 
952 |0 0  |1 0  |3 erb  |4 0  |6 342_087000000000000_VAL_2018  |7 0  |8 A  |9 490640  |a BIBDER  |b BIBDER  |h t.1  |i 5510236  |l 2  |o 342.087 VAL 2018  |p 5510236  |r 2024-04-03  |s 2024-04-03  |w 2019-11-24  |y BK  |z Catalogado en:20181026  |k DER 
952 |0 0  |1 0  |3 erb  |4 0  |6 342_087000000000000_VAL_2018  |7 0  |8 A  |9 490641  |a BIBDER  |b BIBDER  |h t.2  |i 5510244  |l 2  |o 342.087 VAL 2018  |p 5510244  |r 2024-04-03  |s 2024-04-03  |w 2019-11-24  |y BK  |z Catalogado en:20181026  |k DER